zpět

Detail výsledku týmu

U Pošty - Vinohrady ÚT, Praha

Datum a čas kvízu

36 Celkem bodů Celkový počet nahraných bodů na tomto kvízu bez doplňovacích otázek.
9. Pořadí na kvízu Konečné umístění týmu na tomto kvízu.

Zaznamenané odpovědi

# Otázka Odpověď Body Výsledky
1. Který pták z řádu pěvců, známý... rehek (domácí) 0
2. Jistý čtyřpísmenný anglický vý... rizz 0
3. V pondělí se v pražském klubu... MYDY 1
4. Společnost Air Bank minulý týd... Cvak 0
5. Který tým se v neděli stal his... Los Angeles Lakers 1
6. V tomto tématu si vždy vyberet... ZA BOD: František Hrubín ZA PŮL: Rozmarné léto 1
7. ZA BOD: Které značce aut patří... ZA BOD: Lotus ZA PŮL: Maserati 0.5
8. ZA BOD: Ve kterém městě byla u... ZA BOD: Rouen ZA PŮL: Dallas 0.5
9. ZA BOD: Na kterém světadílu ži... ZA BOD: Asie ZA PŮL: motýl 1
10. ZA BOD: Která země pořádala zi... ZA BOD: Rakousko ZA PŮL: Česká republika 0.5